000 00663nam a22002057a 4500
005 20230921104734.0
010 _aENG-138209
020 _a9788175054264
_c100.00
035 _aEN-121741
037 _bDBAD/PUB
082 _a294.55
_2First 2014
100 _aRay, Sukanya
_957212
245 _aApproaches to Human Development :
_bAs Shown by Swami Vivekananda
_cBy Sukanya Ray and Anil Baran Ray
250 _aFirst 2014
260 _aKolkata
_bAdvaita Asharma
_c2014
270 _a5 Delhi Entally Road
_bKolkata
_e700014
300 _a240 p.
_c22cm(hbk)
_bIndex
700 _aRay, Anil Baran
_eAuthor
_956915
942 _2ddc
_cEN
_h294.55
_mRAY
999 _c198483
_d198483